Taste freedom : food from the Freedom Café (Record no. 162750)

MARC details
000 -LEADER
fixed length control field 00294nam a2200097Ia 4500
082 ## - DEWEY DECIMAL CLASSIFICATION NUMBER
Classification number 641.0968 ROAK
008 - FIXED-LENGTH DATA ELEMENTS--GENERAL INFORMATION
fixed length control field 210817s9999 xx 000 0 und d
100 ## - MAIN ENTRY--PERSONAL NAME
Personal name Roake, Neil Auckland Park, South Africa, 2010
9 (RLIN) 50611
245 #0 - TITLE STATEMENT
Title Taste freedom : food from the Freedom Café
942 ## - ADDED ENTRY ELEMENTS
item type Books
Holdings
Withdrawn status Lost status Damaged status Not for loan Home library Current library Date acquired Cost, normal purchase price Total Checkouts Barcode Date last seen Price effective from item type
        Kinross Kinross 18.08.2021 280.00   3228200009572 18.08.2021 18.08.2021 Books